Chansons de Soundgarden - Mort Subite - Statistiques

Statistiques générales
  • Ce quiz a été pris 3 fois
  • Le résultat moyen est 9 sur 20
Answers on the Grid
Answers color-coded by a green-red scale on the quiz's grid according to % correct below.
1979
1984
4th of July
About A Girl
Alive
Black Hole Sun
Black Rain
Blow Up The Outside World
Buddy Holly
Burden In My Hand
Come As You Are
Dumb
Fell On Black Days
Head Down
Hunted Down
Jesus Christ Pose
Let Me Drown
Live To Rise
My Wave
Numb
Nutshell
Outshined
Pretty Noose
Rusty Cage
She Likes Surprises
Spoonman
Superunknown
The Day I Tried To Live
Today
We Die Young
Why Go
Would?
Zero Chance
 
Statistiques - réponses
Réponse % Correct
Blow Up The Outside World
100%
Black Hole Sun
67%
Burden In My Hand
67%
Fell On Black Days
67%
Jesus Christ Pose
67%
Pretty Noose
67%
Rusty Cage
67%
Spoonman
67%
Superunknown
67%
The Day I Tried To Live
67%
4th of July
33%
Black Rain
33%
Head Down
33%
Hunted Down
33%
Let Me Drown
33%
Live To Rise
33%
Outshined
33%
My Wave
0%
She Likes Surprises
0%
Zero Chance
0%
Aucun quiz correspondant
Distribution des résultats
% des personnes avec chaque résultat
Percentile par nombre de réponses
Votre historique - résultats
Vous n’avez pas pris ce quiz